• 首页
  • 本馆介绍
  • 公告通知
  • 最新文献
  • 馆藏检索
  • 电子资源
  • 读者导购
  • 参考咨询
  • 我的图书馆
  • 登录
  • 详细信息显示
  • 放入我的书架
  • 预约/预借图书
  • 作者相关作品
  • 分类相关作品
  • 丛书相关作品
  • 出版社相关作品

书目信息

  • 表格格式
  • 工作单格式
  • 卡片格式
题名:
南方的风
    
 
作者: 朱崇山 著
分册:  
出版信息: 广州   花城出版社  1984
页数: 294页
开本: 19cm
丛书名:
单 册:
中图分类: I247.54
科图分类:
主题词: 长篇小说--中国--现代
电子资源:
ISBN: 10261.528
000 00623nam0 2200229 450
001 0184006970
005 20100712220820.0
010    @a10261.528@dCNY1.15
091    @a10261.528
100    @a19960215d1984 em y0chiy0110 ea
101 0  @achi
102    @aCN@b440000
105    @af z 000ay
106    @ar
200 1  @a南方的风@9Nan;Na Fang De;Di Feng @f朱崇山著
210    @a广州@c花城出版社@d1984
215    @a294页@c照片@d19cm
606 0  @a长篇小说@y中国@z现代
690    @aI247.54@v3
701  0 @a朱崇山@9zhu chong shan@f(1931~)@4著
801  0 @aCN@b91MARC@c20130904
905    @aBZT@dI247.54@e102@f1@sI247.54/102
    
    南方的风/朱崇山著.-广州:花城出版社,1984
    294页:照片;19cm
    
    
    ISBN 10261.528:CNY1.15
    
●
相关链接 在五车中查询图书 在当当中查询图书 在豆瓣中查询图书


正题名:南方的风     索取号:I247.54/102         预约/预借

序号 登录号 条形码 馆藏地/架位号 状态 备注
1 2000144233   2000144233   旧书回溯/ [索取号:I247.54/102] 在馆    
山东省滨州职业学院图书馆 欢迎您!
大连网信软件有限公司© 版权所有